000 00635nam a2200205Ia 4500
003 GCL
008 140319s9999 xx 000 0 ara d
040 _aGCL /
_cGCL
082 0 4 _aم
_b953.0697
_bن ت
100 1 _aناجى معروف
245 1 0 _aتاريخ علماء المستنصرية /
_cناجى معروف
300 _a688
490 _aمطبوعات الشعب
_v0
650 0 4 _aالعلوم عند العرب
650 0 4 _aالعلماء المسلمون
650 0 4 _aالحضارة الاسلامية
650 0 4 _aالعراق - تاريخ
650 0 4 _aالجامعة المستنصرية
942 _2ddc
_cBK
999 _c46398
_d46398